02168nam a2200289Ia 4500952009900000952011300099952010500212999001700317008004100334020001500375050002400390100003500414240010200449245013900551260003800690300003600728500010700764505073300871519004401604519004401648650005601692650002501748650002801773650002601801700004401827942000701871 00104070a04b04d2008-07-24l0oQA76.9.O35 S3318 p04 001542r2013-05-22t1w2012-06-24yLB 00104070a04b04d2008-07-24l1m1oQA76.9.O35 S3318p04 001543r2015-05-21s2015-03-12t2w2012-06-24yLB 00102lcc4070a04b04d2018-05-25l0oQA76.9.O35 S3318p05 000698r2023-02-10t1w2018-05-25yLB c62143d62143120625s2005 mx r 001 0 spa d a9701049829 4aQA76.9.O35 bS33181 aSchach, Stephen R. e , autor 10aIntroduction to Object-Oriented Analysis and Design with UML and the United Process. lEspañol 10aAnálisis y diseño orientado a objetos con UML y el proceso unificado n / Stephen R. Schach ; traducción Lorena Peralta Rosales  aMéxicob : McGraw-Hillc , 2005 axxi, 458 páginas c ; 24 cm.  aTítulo original: Introduction to Object-Oriented Analysis and Design with UML and the United Process0 aIntroducción al UML y el proceso unificado Introducción a los sistemas de información Cómo se desarrollan los sistemas de información El paradigma orientado a objetos, UML y el proceso unificado UML y el proceso unificado El workflow de los requisitos El workflow del análisis orientado a objetos El workflow y las fases del proceso unificado Más sobre UML Temas de gran importancia en el análisis y diseño de sistemas CASE Equipos Pruebas Temas de administración Planeación y estimación Mantenimiento Diseño de la interfaz de usuario Introducción a los sistemas de infomración basados en la Web Introducción a los sistemas de administración de bases de datos Temas técnicos  aMaterial Complementario / d(04 001542) aMaterial Complementario / d(04 001543) 4aPROGRAMACIÓN ORIENTADA A OBJETOS (COMPUTACIÓN)  4aUML (COMPUTACIÓN)  4aANÁLISIS DE SISTEMAS  4aDISEÑO DE SISTEMAS 1 aPeralta Rosales, Lorena e , traductor  cLB